<?xml version="1.0" encoding="UTF-8"?>
<record
    xmlns:xsi="http://www.w3.org/2001/XMLSchema-instance"
    xsi:schemaLocation="http://www.loc.gov/MARC21/slim http://www.loc.gov/standards/marcxml/schema/MARC21slim.xsd"
    xmlns="http://www.loc.gov/MARC21/slim">

  <leader>00625nam a2200181Ia 4500</leader>
  <controlfield tag="008">090630s9999    xx            000 0 und d</controlfield>
  <datafield tag="082" ind1=" " ind2=" ">
    <subfield code="b">28334</subfield>
  </datafield>
  <datafield tag="100" ind1=" " ind2=" ">
    <subfield code="a">&#x938;&#x902;&#x92A;&#x93E;.&#x92A;&#x947;&#x920;&#x947; &#x930;&#x92E;&#x947;&#x936;.</subfield>
  </datafield>
  <datafield tag="245" ind1=" " ind2=" ">
    <subfield code="a">&#x938;&#x941;&#x932;&#x94B;&#x91A;&#x928;&#x93E; &#x926;&#x940;&#x926;&#x940;.</subfield>
    <subfield code="c">&#x938;&#x902;&#x92A;&#x93E;.&#x92A;&#x947;&#x920;&#x947; &#x930;&#x92E;&#x947;&#x936;.</subfield>
  </datafield>
  <datafield tag="260" ind1=" " ind2=" ">
    <subfield code="b">&#x936;&#x915;&#x941;&#x928; - &#x92A;&#x941;&#x923;&#x947;.</subfield>
    <subfield code="c">2007</subfield>
  </datafield>
  <datafield tag="300" ind1=" " ind2=" ">
    <subfield code="a">208</subfield>
  </datafield>
  <datafield tag="600" ind1=" " ind2=" ">
    <subfield code="a">&#x938;&#x902;&#x92A;&#x93E;.&#x92A;&#x947;&#x920;&#x947; &#x930;&#x92E;&#x947;&#x936;.</subfield>
  </datafield>
  <datafield tag="630" ind1=" " ind2=" ">
    <subfield code="a">&#x938;&#x941;&#x932;&#x94B;&#x91A;&#x928;&#x93E; &#x926;&#x940;&#x926;&#x940;.</subfield>
  </datafield>
  <datafield tag="655" ind1=" " ind2=" ">
    <subfield code="a">&#x91A;&#x930;&#x93F;&#x924;&#x94D;&#x930;.</subfield>
  </datafield>
  <datafield tag="700" ind1=" " ind2=" ">
    <subfield code="a">&#x938;&#x902;&#x92A;&#x93E;.&#x92A;&#x947;&#x920;&#x947; &#x930;&#x92E;&#x947;&#x936;.</subfield>
  </datafield>
  <datafield tag="730" ind1=" " ind2=" ">
    <subfield code="a">&#x938;&#x941;&#x932;&#x94B;&#x91A;&#x928;&#x93E; &#x926;&#x940;&#x926;&#x940;.</subfield>
  </datafield>
  <datafield tag="942" ind1=" " ind2=" ">
    <subfield code="c">BOOK</subfield>
  </datafield>
  <datafield tag="999" ind1=" " ind2=" ">
    <subfield code="c">280190</subfield>
    <subfield code="d">280190</subfield>
  </datafield>
  <datafield tag="952" ind1=" " ind2=" ">
    <subfield code="0">0</subfield>
    <subfield code="1">0</subfield>
    <subfield code="4">0</subfield>
    <subfield code="7">0</subfield>
    <subfield code="a">SAWASHRI</subfield>
    <subfield code="b">SAWASHRI</subfield>
    <subfield code="d">0000-00-00</subfield>
    <subfield code="g">250.00</subfield>
    <subfield code="l">0</subfield>
    <subfield code="o">28334</subfield>
    <subfield code="p">SAWASHRI-28334</subfield>
    <subfield code="r">2009-06-30 00:00:00</subfield>
    <subfield code="v">250.00</subfield>
    <subfield code="w">2009-06-30</subfield>
    <subfield code="y">BOOK</subfield>
  </datafield>
</record>
